| 000 | 00662nam a22002177a 4500 | ||
|---|---|---|---|
| 003 | OSt | ||
| 005 | 20150708171528.0 | ||
| 008 | 150608s2015 spc || 000 0 spa|d | ||
| 017 | _aDL B 7814-2015 | ||
| 020 | _a9788490647264 | ||
| 040 |
_bcat _cCDMR |
||
| 100 | 1 | _aJaraba, Gabriel | |
| 245 | 1 | 0 |
_aTwitter para periodistas _b: cómo usar con profesionalidad el microblogging para sacar partido de la red _cGabriel Jaraba |
| 260 |
_aBarcelona _bEditorial UOC _c2015 |
||
| 300 |
_a102 p. _c21 cm |
||
| 504 | _aBibliografia | ||
| 650 | 0 | 4 | _aXarxes socials en línia |
| 650 | 0 |
_aInternet _93138 _xArt d'escriure |
|
| 650 | 0 | 0 |
_aPremsa digital _93188 |
| 942 | _cMON | ||
| 999 |
_c6876 _d6876 |
||